BIBLIOTHÈQUE DE LA MAISON DU MEXIQUE

Logo 1 Logo 2

Reflejos de luz humana (notice nᵒ 3339)

détails MARC
000 -Sello discográfico
campo de control de longitud fija 00762nam a2200277 4500
005 - Identificación de versión
campo de control 20251017062752.0
035 ## - Otros números de control del sistema
Número de control del sistema 13203
099 ## - fechas locales
Tipo de ítem Koha LIBRO
100 ## - Datos de procesamiento general
Datos de procesamiento general 19980507d1948 m y1spay5003 ba
105 ## - Campo de datos codificados: Material textual, monográfico
Datos codificados de monografía y 000ay
200 1# - Título y mención de responsabilidad
Título propio Reflejos de luz humana
Designación general del material texto impreso
Primer mención de responsabilidad Jesús R. Guerrero
210 ## - Publicación, distribución, etc.
Lugar de publicación, distribución, etc. México
Nombre del editor, distribuidor, etc. Ediciones Botas
Fecha de publicación, distribución, etc. 1948
215 ## - Descripción física
Designación de material específico y extensión del ítem 208 p
Dimensiones 19 cm
345 ## - Nota de información de adquisición
Fuente de adquisición/dirección de la suscripción [OBSOLETO] Donación
410 #1 - Series
Título Novelas Mexicanas
606 ## - Término temático usado como materia
Elemento de entrada Cuentos mexicanos
Subdivisión cronológica Siglo XX
Número Koha 81
660 ## - Código de área geográfica
Código MX
700 ## - Nombre personal - Responsabilidad primaria
Elemento de entrada Rodríguez Guerrero
Parte del nombre distinta del elemento de entrada Jesús
Fechas 1911-1979
Número Koha 6951
801 #0 - Fuente de origen
Agencia cm
900 ## -
-- 1/17096
900 ## -
-- 710988700\\070598
942 ## - ELEMENTOS DE ENTRADA SECUNDARIOS (KOHA)
Tipo de ítem Koha Livre
996 ## -
-- MEX
-- 751145101
-- MMAG
-- 011632
-- 863.4 G934R
-- 20241113LIV
Exemplaires
Estatus retirado Estado de daño Estado de pérdida Fecha de adquisición Biblioteca de origen Biblioteca actual Ubicación en estantería Código de barras Precio de reemplazo Signatura topográfica completa No para préstamo Tipo de ítem Koha Nota pública Nota no pública
      05/08/2025 Casa México Paris Casa México Paris   011632 05/08/2025 863.4 G934R   Livre 20241113LIV 751145101